000
00218nam a2200097Ia 4500
008
190216s9999||||xx |||||||||||||| ||und||
100
_a
Vilanilam J V
245
0
_a
Rubber
260
_b
Poorna Pubs Kozhikode
942
_c
BK
999
_c
39626
_d
39626